|
|
|
|
| LEADER |
00000nam0a2200000 4500 |
| 001 |
308117 |
| 005 |
20231102002048.0 |
| 035 |
|
|
|a (RuTPU)RU\TPU\book\333426
|
| 090 |
|
|
|a 308117
|
| 100 |
|
|
|a 20151028d1981 km y0rusy50 ca
|
| 101 |
0 |
|
|a rus
|
| 102 |
|
|
|a RU
|
| 105 |
|
|
|a a z 001zy
|
| 200 |
1 |
|
|a Экспериментальное исследование кислотного метасоматоза
|f Г. П. Зарайский, Ю. Б. Шаповалов, О. Н. Беляевская
|g Академия наук СССР (АН СССР), Институт экспериментальной минералогии (ИЭМ)
|
| 210 |
|
|
|a Москва
|c Наука
|d 1981
|
| 215 |
|
|
|a 218 с.
|c ил.
|
| 320 |
|
|
|a Библиогр.: с. 204-215
|
| 606 |
1 |
|
|a Горные породы, метасоматические
|x Петрография
|2 stltpush
|3 (RuTPU)RU\TPU\subj\72703
|9 86112
|
| 610 |
1 |
|
|a метасоматоз
|
| 610 |
1 |
|
|a кислотное выщелачивание
|
| 610 |
1 |
|
|a типоморфные минералы
|
| 610 |
1 |
|
|a образование
|
| 610 |
1 |
|
|a моделирование
|
| 610 |
1 |
|
|a эксперименты
|
| 610 |
1 |
|
|a техника
|
| 610 |
1 |
|
|a методика
|
| 610 |
1 |
|
|a минеральный состав
|
| 610 |
1 |
|
|a минеральные равновесия
|
| 610 |
1 |
|
|a гидролиз
|
| 610 |
1 |
|
|a гидратация
|
| 675 |
|
|
|a 552.4
|v 4
|
| 700 |
|
1 |
|a Зарайский
|b Г. П.
|g Георгий Павлович
|
| 701 |
|
1 |
|a Шаповалов
|b Ю. Б.
|
| 701 |
|
1 |
|a Беляевская
|b О. Н.
|
| 712 |
0 |
2 |
|a Академия наук СССР (АН СССР)
|b Институт экспериментальной минералогии (ИЭМ)
|c (Черноголовка)
|2 stltpush
|3 (RuTPU)RU\TPU\col\12441
|
| 801 |
|
1 |
|a RU
|b 63413507
|c 20151028
|
| 801 |
|
2 |
|a RU
|b 63413507
|c 20200827
|g RCR
|
| 942 |
|
|
|c BK
|